| 000 -LEADER |
| fixed length control field |
01792cam a22004094a 4500 |
| 001 - CONTROL NUMBER |
| control field |
7921304 |
| 003 - CONTROL NUMBER IDENTIFIER |
| control field |
OSt |
| 005 - DATE AND TIME OF LATEST TRANSACTION |
| control field |
20210827152225.0 |
| 006 - FIXED-LENGTH DATA ELEMENTS--ADDITIONAL MATERIAL CHARACTERISTICS |
| fixed length control field |
m d |
| 007 - PHYSICAL DESCRIPTION FIXED FIELD--GENERAL INFORMATION |
| fixed length control field |
cr n |
| 008 - FIXED-LENGTH DATA ELEMENTS--GENERAL INFORMATION |
| fixed length control field |
090121s2009 gw a sb 101 0 eng d |
| 020 ## - INTERNATIONAL STANDARD BOOK NUMBER |
| International Standard Book Number |
9783642004476 (hardcover : alk. paper) |
| 035 ## - SYSTEM CONTROL NUMBER |
| System control number |
(WaSeSS)ssj0000320085 |
| 038 ## - RECORD CONTENT LICENSOR |
| Staff Name |
khadija |
| 040 ## - CATALOGING SOURCE |
| Original cataloging agency |
DLC |
| Transcribing agency |
DLC |
| Modifying agency |
DLC |
| -- |
WaSeSS |
| 050 #4 - LIBRARY OF CONGRESS CALL NUMBER |
| Classification number |
QA76.9.S63 |
| Item number |
S61683 2009 |
| 082 00 - DEWEY DECIMAL CLASSIFICATION NUMBER |
| Classification number |
006.3 |
| Edition number |
22 |
| Author Mark |
BEL |
| 100 ## - MAIN ENTRY--PERSONAL NAME |
| Personal name |
Fodor, Janos |
| 9 (RLIN) |
81811 |
| 210 10 - ABBREVIATED TITLE |
| Abbreviated title |
Soft computing based modeling in intelligent systems |
| 245 00 - TITLE STATEMENT |
| Title |
Soft Computing Based Modeling in Intelligent Systems / |
| Statement of responsibility, etc. |
Valentina Emilia Balas, János Fodor, Annamária R. Várkonyi-Kóczy (eds.). |
| 260 ## - PUBLICATION, DISTRIBUTION, ETC. |
| Place of publication, distribution, etc. |
Berlin : |
| Name of publisher, distributor, etc. |
Springer, |
| Date of publication, distribution, etc. |
c2009. |
| 490 0# - SERIES STATEMENT |
| Series statement |
Studies in computational intelligence, |
| International Standard Serial Number |
1860-949X ; |
| Volume/sequential designation |
v. 196 |
| 500 ## - GENERAL NOTE |
| General note |
"... contains the extended works originally presented at the IEEE International Workshop SOFA 2005 and additional papers"--Pref. |
| 504 ## - BIBLIOGRAPHY, ETC. NOTE |
| Bibliography, etc. note |
Includes bibliographical references and index. |
| 506 ## - RESTRICTIONS ON ACCESS NOTE |
| Terms governing access |
License restrictions may limit access. |
| 563 ## - BINDING INFORMATION |
| Binding note |
hardcover |
| 650 #0 - SUBJECT ADDED ENTRY--TOPICAL TERM |
| Topical term or geographic name entry element |
Soft computing |
| Form subdivision |
Congresses. |
| 9 (RLIN) |
81697 |
| 650 #0 - SUBJECT ADDED ENTRY--TOPICAL TERM |
| Topical term or geographic name entry element |
Intelligent control systems |
| General subdivision |
Mathematical models |
| Form subdivision |
Congresses. |
| 9 (RLIN) |
81812 |
| 700 1# - ADDED ENTRY--PERSONAL NAME |
| Personal name |
Balas, Valentina Emilia. |
| 9 (RLIN) |
81813 |
| 700 1# - ADDED ENTRY--PERSONAL NAME |
| Personal name |
Fodor, J. |
| Fuller form of name |
(János) |
| 9 (RLIN) |
81814 |
| 700 1# - ADDED ENTRY--PERSONAL NAME |
| Personal name |
Várkonyi-Kóczy, Annamária R. |
| 9 (RLIN) |
81815 |
| 711 2# - ADDED ENTRY--MEETING NAME |
| Meeting name or jurisdiction name as entry element |
IEEE International Workshop on Soft Computing Applications |
| Date of meeting |
(2005 : |
| Location of meeting |
Szeged, Hungary and Arad, Romania) |
| 9 (RLIN) |
81816 |
| 773 #0 - HOST ITEM ENTRY |
| Title |
SpringerLink ebooks - Engineering (2009) |
| 856 40 - ELECTRONIC LOCATION AND ACCESS |
| Uniform Resource Identifier |
<a href="http://www.columbia.edu/cgi-bin/cul/resolve?clio7921304">http://www.columbia.edu/cgi-bin/cul/resolve?clio7921304</a> |
| Public note |
Full text available from SpringerLink ebooks - Engineering (2009) |
| 910 ## - USER-OPTION DATA (OCLC) |
| User-option data |
Library of Congress record |
| 942 ## - ADDED ENTRY ELEMENTS (KOHA) |
| Source of classification or shelving scheme |
|
| Koha item type |
Book |